000 00524nam a2200193 i 4500
001 63336
003 ES-MaACL
005 20230906164830.0
007 t|
008 031209s1965 ag d |||| | spa d
080 _a1(038)
100 1 _aFerrater Mora, José.
_950338
245 1 0 _aDiccionario de filosofía /
_cJosé Ferrater Mora.
250 _a5ª ed.
260 _aBuenos Aries :
_bSudamericana,
_c1965.
300 _a2 v. ;
_c27 cm.
650 0 4 _aFilosofía-
_vDiccionarios.
_912806
852 _aES-MaACL
_jC-32225-26
999 _c63336
_d63336